Estadísticas para Países por Contribución al Presupuesto de la ONU

Haz click aquí para intentar la prueba.

Estadísticas generales

  • Esta prueba ha sido intentada 1.885 veces
  • La puntuación promedio es 18 de 20

Estadísticas de respuestas

ContribucionesPaís% Correcto
$ 604 MEstados Unidos
100%
$ 194 MChina
98%
$ 121 MFrancia
98%
$ 160 MAlemania
97%
$ 61.1 MEspaña
97%
$ 242 MJapón
97%
$ 76.7 MRusia
97%
$ 71.5 MCanadá
95%
$ 93.8 MItalia
95%
$ 112 MReino Unido
95%
$ 94.9 MBrasil
94%
$ 36.0 MMéxico
94%
$ 58.1 MAustralia
91%
$ 23.8 MSuecia
85%
$ 50.8 MCorea del Sur
81%
$ 28.4 MSuiza
79%
$ 22.1 MBélgica
76%
$ 37.0 MPaíses Bajos
76%
$ 25.5 milTurquía
70%
$ 28.4 MArabia Saudita
66%

Distribución de puntuación

Porcentaje por número respondido

Porcentaje de gente con cada puntuación

Historial de tus puntuaciones

No has intentado esta prueba.